Images for Every Subcategory: Language Quiz Stats

 Plays Quiz Updated Apr 9, 2019

Score 0/11 Timer 06:00
7 Plays Today
Question Answer Wrong Answers
Spanish
Which of these professions is known as a médico in Spanish?
Doctor
96.7%
Judge
0.4%
Artist
0.3%
Priest
0.7%
Latin
Which of these images represents aurora borealis?
Aurora Borealis
96.1%
Camera Obscura
0.6%
Ophidia in herba
0.9%
Magna Carta
0.6%
Italian
Which of these items is known as un libro in Italian?
Book
94.8%
Scissors
0.7%
Chair
1.3%
Window
1.6%
Definition
Which of these images does NOT represent a meaning of the word 'range'?
Gear
87.9%
Range (Mountain)
0.9%
Range (Shooting)
0.7%
Range (Grill)
9.5%
Begins and Ends
Which of these images represents a palindrome?
Kayak
77.6%
Bathtub
4.7%
Tarot
10.7%
Alabama
6.9%
French
Which of these colors is written the same in both French and English?
Orange
75.1%
Rouge
4.2%
Jaune
2%
Bleu
17.5%
Vocabulary
Which of these images is synonymous with expeditious?
Fast
71%
Strong
3.7%
Smart
13%
Tall
10.3%
Translation
Which of these books is NOT written in its original language?
Little Women
65.6%
Anna Karenina
8.9%
Don Quixote
11.1%
Count of Monte Cristo
12.5%
Japanese
Which of these images contains Japanese writing?
Japanese
65.5%
Korean
31.4%
Thai
0.2%
Tibetan
1.1%
German
Which of these animals is known in German as a Löwe?
Lion
62.5%
Duck
14.4%
Rabbit
16.8%
Horse
4.7%
Chinese
Which of these flags represents a country where Chinese is NOT an official or de facto national language?
Malaysia
46.2%
Singapore
25.6%
PRC
7.5%
Taiwan
19.8%

You're not logged in!

Compare scores with friends on all Sporcle quizzes.
OR
Log In

Sporcle TV

Today on Sporcle TV


Watch our educational content, quiz creation guides, and fun videos on Sporcle TV.

Show Comments

Extras

Top Quizzes Today


Score Distribution

Your Account Isn't Verified!

In order to create a playlist on Sporcle, you need to verify the email address you used during registration. Go to your Sporcle Settings to finish the process.

Report this User

Report this user for behavior that violates our Community Guidelines.

Details: